000 00764nam a22002657a 4500
001 BR6002868
003 BR-BrBNA
005 20230928083139.0
007 ta
008 230509b bl.||||| |||| 00| 0 por d
040 _aBR-BrBNA
_bpor
_cBiblioteca Nacional de Agricultura
041 _a(Por)
072 _aL00
_b/G514
090 _ L00 BR6002868 OBR
100 1 _aTravassos, A.C.
110 1 _aSociedade Nacional de Agricultura, Rio de Janeiro, GB (Brasil)
_99932
245 1 _aIndustria pastoril. Conferencia [Producao animal; Brasil]
260 3 _aRio de Janeiro, GB (Brasil):
_c1898.
300 _a36 p.
500 _aOBRA RARA
650 _aProducao animal
650 _aIndustria pecuaria
909 _a202309
_bLucia
_c55
_dLucia Elande
942 _cBK
999 _c11827
_d11827